Anime Opening Quiz Stats

 Plays Quiz not verified by Sporcle

Score 0/40 Timer 20:00
0 Plays Today
% Correct
Death note
68.8%
K-on
53.1%
Neon Evangelion
48.4%
Baccano
42.2%
Inuyasha
42.2%
Beck
39.1%
Durarara
37.5%
Hellsing
37.5%
Azumanga Daioh
37.5%
Excel Saga
35.9%
Cutie Honey
31.3%
Darker than Black
31.3%
Kuroshitsuji
31.3%
Vampire Knight
31.3%
DNAngel
29.7%
Gantz
29.7%
Nana
28.1%
Bokurano
26.6%
Sayonara Zetsubou Sensei
26.6%
Hitman Reborn
26.6%
% Correct
xxxholic
26.6%
shakugan no shana
26.6%
Card Captors Sakura
25%
Maria Holic
25%
Berserk
23.4%
busou renkin
23.4%
Karin
21.9%
Spice and wolf
20.3%
Zero no tsukaima
20.3%
Ah, my Godness!
18.8%
Ghost in the shell stand alone
18.8%
arakawa
18.8%
Ghost Hound
17.2%
Basilisk
15.6%
Sumomo
15.6%
Kaze no stigma
14.1%
Suzumiya Haruhi-chan
14.1%
Kobato
12.5%
nodame
12.5%
Hana Yori Dango
10.9%

You're not logged in!

Compare scores with friends on all Sporcle quizzes.
OR
Log In

Show Comments

Extras

Created Oct 13, 2010ReportNominate
Tags:Anime Quiz

Top Quizzes Today


Score Distribution

Your Account Isn't Verified!

In order to create a playlist on Sporcle, you need to verify the email address you used during registration. Go to your Sporcle Settings to finish the process.

Report this User

Report this user for behavior that violates our Community Guidelines.

Details: